| 000 | 00629cam a22002291a 4500 | ||
|---|---|---|---|
| 001 | ca 30000317 | ||
| 003 | DLC | ||
| 005 | 20260227111122.0 | ||
| 008 | 820708s1921 gw 000 0 eng | ||
| 010 | _aca 30000317 | ||
| 035 | _a(OCoLC)8583538 | ||
| 040 |
_aDLC _cInMuB _dDLC |
||
| 042 | _apremarc | ||
| 043 | _ae-ge--- | ||
| 050 | 0 | 0 |
_aHC286.3 _b.H35 |
| 100 | 0 | _aParvus. | |
| 245 | 1 | 0 |
_aGermany's economic remedy / _cby Parvus. |
| 260 |
_aBerlin : _bVerlag für Wiederaufbau und Weltwirtschaft, _c1921. |
||
| 300 |
_a36 p. ; _c24 cm. |
||
| 651 | 0 |
_aGermany _xEconomic conditions _y1918-1945. |
|
| 650 | 0 |
_aFinance _zGermany. |
|
| 999 |
_c16614 _d16614 |
||